NİYAZ (Record no. 1146727)

MARC details
000 -LEADER
sabit uzunluktaki kontrol alanı 00245nam a2200097Ia 4500
001 - KONTROL NUMARASI
kontrol alanı 1146727
005 - EN SON İŞLEMİN TARİH VE ZAMANI
kontrol alanı 20250827010257.0
008 - SABİT-UZUNLUKTA VERİ ÖĞELERİ--GENEL BİLGİ
sabit uzunluktaki kontrol alanı 250824s9999 xx 000 0 und d
245 #0 - ESER / YAZAR
ESER ADI NİYAZ
Yazar Adı FAİK ÖZDENGÜL
260 ## - YAYIN, DAĞITIM, VB.
YAYIN EVİ KARATAY AKADEMİ YAYINLARI
Holdings
Düşüm durumu Kayıp durumu Hasar Durumu Ödünç verilmez Ana kütüphane Geçerli Kütüphane Edinilen tarih Toplam ödünç verme sayısı Barkod Son görüntüleme tarihi Fiyatın geçerli olmaya başladığı tarih Koha materyal türü
        BUHARA KÜTÜPHANESİ (İKRA’R HAFIZLIK KIZ KUR’AN KURSU) BUHARA KÜTÜPHANESİ (İKRA’R HAFIZLIK KIZ KUR’AN KURSU) 24.08.2025   10962625 27.08.2025 27.08.2025 Books